000 00493ntaaa2200181 4500
003 01
005 20251027201255.0
008 0714s1973 ag 01
040 _aAR-BaBN
_bspa
_cAR-BaBN
_eaacr
_dRIC
082 _a221.0000 C91
100 _aCunningham, Charles May
_910903
245 _aBúsqueda de Dios; guía para un estudio devocional de A. T.
250 _a1 ed. :
_bAurora,
_c1950
300 _a304 p.
650 _aBiblia-Antiguo Testamento
650 _aAntiguo Testamento
942 _cBK
999 _c7115
_d7115